• 首页
  • 本馆介绍
  • 公告通知
  • 最新文献
  • 馆藏检索
  • 电子资源
  • 读者荐购
  • 参考咨询
  • CALIS
  • 我的图书馆
  • 登录
  • 详细信息显示
  • 放入我的书架
  • 预约/预借图书
  • 作者相关作品
  • 分类相关作品
  • 丛书相关作品
  • 出版社相关作品

书目信息

  • 表格格式
  • 工作单格式
  • 卡片格式
题名:
西窗瑣語
    
 
作者: 区鉷 著
分册:  
出版信息: 重庆   重庆大学出版社  2008.06
页数: 293页
开本: 22cm
丛书名: 跨文化随笔系列
单 册:
中图分类: I267.1
科图分类:
主题词: 随笔--sui bi--中国--当代--作品集
电子资源:
ISBN: 978-7-5624-4529-6
 
 
 
 
 
000 00898nam 2200277 450
001 012009852624
005 20090623103343.73
010    @a978-7-5624-4529-6@dCNY22.00
100    @a20090623d2008 em y0chiy0120 ea
101 0  @achi
102    @aCN@b500000
105    @ay z 000yy
106    @ar
200 1  @a西窗瑣語@Axi chuang suo yu
210    @a重庆@c重庆大学出版社@d2008.06
215    @a293页@d22cm
225 2  @a跨文化随笔系列@Akua wen hua sui bi xi lie
314    @a责任者取自版权页
330    @a本书为作者自上个世纪80年代至今在报刊专栏所发表文章及部分博客文章的选集,内容涉及异域的所见所闻,所思所悟;西方的礼仪习俗,风土人情。
410  0 @12001 @a跨文化随笔系列
518 1  @a西窗琐语@Axi chuang suo yu
606 0  @a随笔@Asui bi@y中国@z当代@j作品集
690    @aI267.1@v4
701  0 @a区鉷@Aou hong@4著
801  0 @aCN@bQSSK@c20090623
905    @b747044-46@dI267.1@eO032@f3
    
    西窗瑣語.-重庆:重庆大学出版社,2008.06
    293页;22cm.-(跨文化随笔系列)
    
    
    ISBN 978-7-5624-4529-6:CNY22.00
    本书为作者自上个世纪80年代至今在报刊专栏所发表文章及部分博客文章的选集,内容涉及异域的所见所闻,所思所悟;西方的礼仪习俗,风土人情。
●
相关链接 在E读中查询图书 在当当中查询图书 在豆瓣中查询图书


正题名:西窗瑣語     索取号:I267.1/O032         预约/预借

序号 登录号 条形码 馆藏地/架位号 状态 备注
1 747044   207470440   文学库116/116文学库 10排4列3层/ [索取号:I267.1/O032] 在馆    
2 747045   207470459   社科二线422/422社科库 37排2列5层/ [索取号:I267.1/O032] 在馆    
3 747046   207470468   文学库116/116文学库 10排4列3层/ [索取号:I267.1/O032] 在馆    
河南城建学院图书馆 欢迎您!
大连网信软件有限公司© 版权所有